Informačný systém pre autoservis = The information system for a car service : Bakalárska práca

Uložené v:
Podrobná bibliografia
Hlavný autor: Kriššová, Adriana (Autor)
Ďalší autori: Husárová, Bohuslava (xxx)
Médium: Rukopis Kniha
Jazyk:Slovak
Vydavateľské údaje: Trnava : STU v Bratislave MtF KAIA, 2006
Predmet:
Tagy: Pridať tag
Žiadne tagy, Buďte prvý, kto otaguje tento záznam!

MARC

LEADER 00000ntm a22000003a 4500
001 stu130901
005 20160719155523.7
008 061206s2006----xo------------------slo-d
040 |a STU  |b slo 
041 0 |a slo 
044 |a xo 
100 1 |a Kriššová, Adriana  |4 aut 
245 1 |a Informačný systém pre autoservis = The information system for a car service :  |b Bakalárska práca 
260 |a Trnava :  |b STU v Bratislave MtF KAIA,  |c 2006 
300 |a 42 s  |c príl (1 CD-ROM) 
650 7 |a aplikovaná informatika a automatizácia v priemysle  |2 stusub 
700 1 |a Husárová, Bohuslava  |4 xxx  |u M180  |U MTF Materiálovotechnologická fakulta  |T MTF Katedra aplikovanej informatiky a automatizácie  |U M180  |Y 166 
996 |b 284M075205  |c M*BP-2322  |l MMSKP  |s P  |a 0  |w stu130901_0001